000 00536cam a2200205 a 4500
020 _a0376033029 :
040 _cDLC
082 0 0 _a635 SUN 1993 C147 Or.
245 0 0 _aGarden pests & diseases /
250 _a1st ed.
260 _aMenlo Park, Calif. :
_bSunset Pub. Corp.,
_cc1993.
300 _a112 p. :
_bcol. ill. ;
_c28 cm.
500 _aAt head of title: Sunset.
500 _aIncludes index.
650 0 _aGarden pests.
650 0 _aPlant diseases.
650 0 _aGarden pests
710 2 _aSunset Books.
942 _cAEDBB
999 _c18507
_d18507